Statistics for Uzbekistan Country Quiz

Click here to take the quiz!

General Stats

  • This quiz has been taken 8,671 times
    (8,572 since last reset)
  • The average score is 12 of 17

Answer Stats

HintAnswer% Correct
Until 1991, Uzbekistan was part of this countrySoviet Union
97%
Predominant religionIslam
97%
Every country that Uzbekistan borders ends in these four lettersStan
97%
Called by some the "de-facto" second official languageRussian
93%
Overland trade route which passed through Uzbekistan until the 18th century{Silk} Road
93%
Official languageUzbek
91%
Uzbekistan and Liechtenstein are the only countries that are ...Doubly {Landlocked}
87%
The capital of UzbekistanTashkent
81%
Region that Uzbekistan is part of{Central} Asia
80%
Conqueror who conquered the area in 327 BCAlexander the Great
74%
Formerly the world's fourth largest lake, now mostly evaporated{Aral} Sea
67%
First major empire that Uzbekistan was part ofAchaemenid Empire
(Persian Empire)
59%
Larger ethnic group which includes Uzbeks, Kazakhs, and Uyghurs{Turk}ic
49%
Uzbekistan is part of this ancient region which gave its name to the two-humped camelBactria
46%
Uzbekistan's primary cash crop (hint: starts with C)Cotton
45%
Second-most populous city, which was an important waypoint on the above.Samarkand
37%
Warlord born in the city of Shahrisabz in 1336 whose conquests killed an
estimated 5% of the world population
Timur
33%

Score Distribution

Percentile by Number Answered

Percent of People with Each Score

Your Score History

You have not taken this quiz since the last reset